| 000 | 00645nam a2200241Ia 4500 | ||
|---|---|---|---|
| 003 | OSt | ||
| 005 | 20220918220555.0 | ||
| 006 | a|||||r|||| 00| 0 | ||
| 007 | ta | ||
| 008 | 220917b |||||||| |||| 00| 0 eng d | ||
| 024 | _a146,466 | ||
| 037 | _cTextual | ||
| 040 |
_aARTS _cARTS _beng |
||
| 041 |
_2eng _aeng |
||
| 082 | _aY394(P498):7.44974, N2 | ||
| 100 |
_aJha Hari Bansh _9137849 |
||
| 245 | 0 | _aTibetans in Nepal | |
| 260 |
_aDelhi _bBook Faith Indian _c1992 |
||
| 300 |
_axi, 128p. _ccm. |
||
| 650 | _aSOCIOLOGY | ||
| 942 |
_hY394(P498):7.44974, N2 _cTEXL _2CC |
||
| 999 |
_c269222 _d269222 |
||